Valor del rito religioso para el equilibrio psicológico (Registro nro. 69712)
[ vista simple ]
| 000 -LÍDER | |
|---|---|
| Campo fijo de descripción fija | 01596nab a2200241 i 4500 |
| 001 - NÚMERO DE CONTROL | |
| Campo de control | 768714001 |
| 003 - IDENTIFICADOR DEL NÚMERO DE CONTROL | |
| Campo de control | CO-MdFUSB |
| 005 - FECHA Y HORA DE LA ULTIMA TRANSACCIÓN | |
| control field | 20240515112634.0 |
| 008 - ELEMENTOS DE LONGITUD FIJA -- INFORMACIÓN GENERAL | |
| Campo fijo de descripción fija -- Información general | 240515t1971 sp ||||| |||| 00| 0 spa d |
| 040 ## - FUENTE DE CATALOGACIÓN | |
| Idioma de catalogación | spa |
| Agencia que realiza la transcripción | CO-MdFUSB |
| Agencia que realiza la modificación | CO-MdFUSB |
| 041 ## - CÓDIGO DE IDIOMA | |
| Código de idioma para texto/pista de sonido o título separado | spa |
| 100 ## - ASIENTO PRINCIPAL--NOMBRE PERSONAL | |
| Nombre personal | Kennedy, Eugene C., |
| Término relacionador | autor |
| 245 ## - TÍTULO | |
| Título | Valor del rito religioso para el equilibrio psicológico |
| Mención de responsabilidad | / Eugene C. Kennedy ; traducido por Jesús Valiente Malla |
| 520 ## - NOTA DE RESUMEN, ETC. | |
| Nota de sumario, etc. | El rito religioso tiene una larga historia; por otra parte, siempre ha estado en estrecha relación con el ser humano. Matizado según los diferentes períodos culturales por que ha ido pasando, ha revestido la máscara de innumerables dioses. En el caso del cristianismo, las prescripciones religiosas tienen la finalidad de expresar toda la amplia zona de la humana experiencia tocada e iluminada por el Espíritu. Las fórmulas religiosas han prestado al hombre un magnífico servicio, encerrando en una frase o en un movimiento lo que de otra manera le sería casi imposible expresar, vertiendo en palabra y símbolo todo aquello que reconoce como su propio anhelar la vida del Espíritu. |
| 650 #7 - ASIENTO SECUNDARIO DE MATERIA - TERMINO TEMÁTICO | |
| Término temático o nombre geográfico como elemento de entrada | Liturgia |
| 9 (RLIN) | 206 |
| 650 #7 - ASIENTO SECUNDARIO DE MATERIA - TERMINO TEMÁTICO | |
| Término temático o nombre geográfico como elemento de entrada | Cristianismo y cultura |
| 9 (RLIN) | 6959 |
| 650 #7 - ASIENTO SECUNDARIO DE MATERIA - TERMINO TEMÁTICO | |
| Término temático o nombre geográfico como elemento de entrada | Ritos y ceremonias |
| 9 (RLIN) | 207 |
| 653 ## - TÉRMINO DE INDIZACIÓN - NO CONTROLADO | |
| Término no controlado | Culto y el cristiano de hoy |
| 700 ## - ENTR. SECUNDARIA - Nombre Personal (R) | |
| Nombre de persona | Valiente Malla, Jesús, |
| Término indicativo de función | traductor |
| 773 0# - ASIENTO DE ITEM FUENTE | |
| Biblionumber | 49450 |
| Itemnumber | 82629 |
| Otro identificador del ítem | R2552 |
| Título | Revista internacional de teología Concilium |
| Número de control del registro | (CO-MdFUSB)8 |
| Número Internacional Normalizado para Publicaciones Seriadas (ISSN) | 0210-1041 |
| Parte(s) relacionada(s) / Volumen., número. (mes año), páginas | Número 62, (febrero, 1971), páginas: 212 218 |
| Enumeración y primera página | página: 212 |
| 942 ## - TIPO DE MATERIAL (KOHA) | |
| Tipo de Item KOHA | Artículos de Revista |
| 945 ## - INFORMACIÓN LOCAL DEL REGISTRO | |
| Catalogador | Catherine Arias Alvarez - Practicante SENA |
No hay ítems disponibles.
